ბათუმის შოთა რუსთაველის სახელმწიფო უნივერსიტეტის ბიბლიოთეკა

ისლამის ისტორია, დოგმატიკა და მსოფლმხედველობა / (ბიბ.ჩანაწერი № 58439)

000 -ლიდერი
ფიქსირებული სიგრძის საკონტროლო ველი 01495nam a22002657a 4500
003 - საკონტროლო ნომრის იდენტიფიკატორი
საკონტროლო ველი Ge_BSU
005 - ბოლო ოპერაციის თარიღი და დრო
საკონტროლო ველი 20220210121036.0
008 - ფიქსირებული სიგრძის მონაცემთა ელემენტები - ზოგადი ინფორმაცია
ფიქსირებული სიგრძის საკონტროლო ველი 220210s2021 ge ||||| |||| 00| 0 geo d
020 ## - წიგნის საერთაშორისო სტანდარტული ნომერი
International Standard Book Number 9789941828768
041 ## - ენის კოდი
Language code of text/sound track or separate title geo
080 ## - უნივერსალური ათობითი კლასიფიკაციის ინდექსი
Universal Decimal Classification number 28-9 ა-88
100 ## - მთავარი ჩანაწერი - პიროვნების სახელი
Personal name ასლანიძე, აბესალომ
9 (RLIN) 5886
245 ## - ცნობა სათაურის შესახებ
Title ისლამის ისტორია, დოგმატიკა და მსოფლმხედველობა /
Statement of responsibility, etc აბესალომ ასლანიძე ; რედაქტორი მურმან გორგოშაძე ; რელიგიათა კვლევის საერთაშორისო სამეცნიერო ცენტრი.
250 ## - გამოცემის ცნობა
Edition statement მეორე, შევსებული და გადამუშავებული გამოცემა
264 ## - წარმოების, გამოცემის, დისტრიბუციის და სხვა ცნობები
გამოცემის, წარმოების, დისტრიბუციის... ადგილი ბათუმი,
გამოცემის, წარმოების, დისტრიბუციის... თარიღი 2021.
300 ## - ფიზიკური აღწერა
Extent 146 გვ. ;
Other physical details 20 სმ.
504 ## - BIBLIOGRAPHY, ETC. NOTE
Bibliography, etc ბიბლიოგრაფია: გვ. 143-145.
520 ## - SUMMARY, ETC.
Summary, etc რეზიუმე ინგლისურ ენაზე.
653 ## - INDEX TERM--UNCONTROLLED
Uncontrolled term რელიგია
653 ## - INDEX TERM--UNCONTROLLED
Uncontrolled term ისლამი
653 ## - INDEX TERM--UNCONTROLLED
Uncontrolled term ფილოსოფია
700 ## - ADDED ENTRY--PERSONAL NAME
Personal name გორგოშაძე, მურმან
Relator term რედაქტორი
9 (RLIN) 13510
710 ## - ADDED ENTRY--CORPORATE NAME
Corporate name or jurisdiction name as entry element რელიგიათა კვლევის საერთაშორისო სამეცნიერო ცენტრი
9 (RLIN) 13511
942 ## - ADDED ENTRY ELEMENTS (KOHA)
Source of classification or shelving scheme
Koha item type წიგნი
ეგზემპლარები
ჩამოწერის სტატუსი დაკარგული ეგზემპლარის სტატუსი კლასიფიკაციის წყარო ან თაროზე გაწყობის სქემა დაზიანების სტატუსი არ გაიცემა მუდმივი მდებარეობა (დაცვის ადგილი) ამჟამინდელი ადგილსამყოფელი თაროზე განთავსების ადგილი შეძენის თარიღი ღირებულება, შესყიდვის ნორმალური ფასი სრული შენახვის შიფრი შტრიხკოდი ბოლო ოპერაციის თარიღი ეგზემპლარის მიმდევრობითი ნომერი (კეტერი?) ფასის ძალაში შესვლის თარიღი ეგზემპლარის სახეობა საჯარო შენიშვნა Uniform Resource Identifier
          ბათუმის შოთა რუსთაველის სახელმწიფო უნივერსიტეტის მთავარი ბიბლიოთეკა ბათუმის შოთა რუსთაველის სახელმწიფო უნივერსიტეტის მთავარი ბიბლიოთეკა წიგნსაცავი 2022-02-10 8.00 28-9 ა-88 62152 2022-02-10 62152 2022-02-10 წიგნი 8 ლ.  
          ბათუმის შოთა რუსთაველის სახელმწიფო უნივერსიტეტის მთავარი ბიბლიოთეკა ბათუმის შოთა რუსთაველის სახელმწიფო უნივერსიტეტის მთავარი ბიბლიოთეკა წიგნსაცავი 2022-02-10 8.00 28-9 ა-88 62153 2022-02-10 62153 2022-02-10 წიგნი 8 ლ.  
          ბათუმის შოთა რუსთაველის სახელმწიფო უნივერსიტეტის მთავარი ბიბლიოთეკა ბათუმის შოთა რუსთაველის სახელმწიფო უნივერსიტეტის მთავარი ბიბლიოთეკა წიგნსაცავი 2025-01-27 8.00 28-9 ა-88 70412 2025-01-27 70412 2025-01-27 წიგნი 8.00 ნაჩუქარი
          ბათუმის შოთა რუსთაველის სახელმწიფო უნივერსიტეტის მთავარი ბიბლიოთეკა ბათუმის შოთა რუსთაველის სახელმწიფო უნივერსიტეტის მთავარი ბიბლიოთეკა წიგნსაცავი 2025-01-27 8.00 28-9 ა-88 70413 2025-01-27 70413 2025-01-27 წიგნი 8.00 ნაჩუქარი